| 000 | 00584nam a2200193Ia 4500 | ||
|---|---|---|---|
| 003 | IN-BaIIA | ||
| 008 | 211028s9999 xx 000 0 eng d | ||
| 040 | _cIIA Library | ||
| 080 |
_a524.722 _bHOD |
||
| 100 |
_aHodge, Paul W _94600 |
||
| 245 | 4 |
_aThe Large magellanic cloud _cPaul W. Hodge and Fances W. Wright |
|
| 260 |
_aWashington _bSmithsonian Institution Press _c1967 |
||
| 300 | _a108p. | ||
| 490 | _aSmithsonian Publication; 4699 | ||
| 500 | _aDonated by Mrs Bappu | ||
| 650 | _aAstronomy and astrophysics thesaurus | ||
| 700 |
_aWright, Frances W. _97394 |
||
| 942 | _cBK | ||
| 999 |
_c4737 _d4737 |
||